Тетрадь с надписью А. Ф. Кони "Общественные нравы. Язык. Литературная критика"

Доступно только в Электронных читальных залах Найти на картеНа карте
RUSMARC
00003485nac2a22002291x 450
001c1788828-ce30-4316-9c21-5d4562bee4d3
00520131009111854.0
100##$a20130529l1906 k y0rusy50 ca
1010#$arus
102##$aRU
105##$ay z |||||
2001#$aТетрадь с надписью А. Ф. Кони "Общественные нравы. Язык. Литературная критика"
$jПозже 1906
215##$a8 листов
251##$cДело
300##$aГазетные вырезки
330##$aДокументальные материалы, отложившиеся в результате творческой деятельности А. Ф. Кони; Документальные материалы, собранные А. Ф. Кони для своих работ; К биографическим очеркам, мемуарам и другим работам А. Ф. Кони
461#0$10013a54f2e3-e9cf-409b-80fa-f0a9bd3c40cb
$12001
$aКони Анатолий Федорович, юрист, литератор, член академии наук, председатель Санкт-Петербургского окружного суда, член государственного совета
$1251
$cФонд
$1852
$j564
462#0$100178a475cd-a47d-4377-bff3-cee4b81de655
$12001
$aОпись дел фонда А. Ф. Кони за 1880-1931 гг.
$1251
$cОпись
$1852
$j1
600#1$aКони
$bА. Ф.
$f1844-1927
$gАнатолий Федорович
801#0$aRU
$bGA_RF
801#1$aRU
$bНПО Опыт
$c20130529
$2rusmarc
801#2$aRU
$bПБ им. Б.Н. Ельцина
$c20131009
$gRCR
$2rusmarc
852##$aГА РФ
$j387
937##$d38572547
$hПБ
035##$aRuPRLIB51001256
Формат отображения